000 00593nam a2200205Ia 4500
003 GCL
008 140319s9999 xx 000 0 ara d
040 _aGCL /
_cGCL
082 0 4 _a832.043
_bد ر
100 1 _aانيس منصور
245 1 0 _aرومولوس العظيم /
_cانيس منصور
700 1 _aديرنمات ، فريدريخ
300 _a186 ص
490 _aمسرحيات عالمية
_v0
650 0 4 _aالادب
650 0 4 _aالادب الالمانى
650 0 4 _aادب الاطفال
650 0 4 _aالمسرحيات الالمانية
942 _2ddc
_cBK
999 _c50545
_d50545